000 00502nam a22001937a 4500
003 NUST - PNEC
005 20170116181020.0
008 150912b xxu||||| |||| 00| 0 eng d
020 _a0070728089
020 _a9780070728080
040 _cLIBRARY
082 _a536 ZEM
100 _99912
_a Zemansky, Mark W.
245 _aHeat and thermodynamics; an intermediate textbook
_cMark W. Zemansky
250 _a4th ed.
260 _cc.1957
650 _910745
_aThermodynamics
_xME
942 _2ddc
_cBK
999 _c67370
_d67370